[Event "Bundesliga 0708"]
[Site "Germany"]
[Date "2007.11.23"]
[Round "7.3"]
[White "Tregubov, Pavel V"]
[Black "Postny, Evgeny"]
[Result "1/2-1/2"]
[WhiteElo "2609"]
[BlackElo "2598"]
[Annotator "Postny,E"]
[PlyCount "88"]
[EventDate "2007.10.20"]
[EventType "team-tourn"]
[EventRounds "15"]
[EventCountry "GER"]
[SourceTitle "CBM 123"]
[Source "ChessBase"]
[SourceDate "2008.04.02"]
[SourceVersion "1"]
[SourceVersionDate "2008.04.02"]
[SourceQuality "1"]
[WhiteTeam "Muelheim"]
[BlackTeam "Katernberg"]
[WhiteTeamCountry "GER"]
[BlackTeamCountry "GER"]

1. d4 Nf6 2. c4 e6 3. Nf3 b6 4. g3 Ba6 5. Nbd2 {A favourite line of Pavel
Tregubov.} Bb4 ({Another theoretical continuation is} 5... c5 {but, here Black
has to know how to deal with} 6. e4 $5 {Tregubov has won numerous games in
this line.}) 6. Qc2 Bb7 {A typical fight in the Nimzo-Indian is for the key e4
square. Black prevents White from playing the e2-e4 advance, but will have to
part with the pair of bishops.} 7. Bg2 c5 (7... Be4 8. Qd1 c5 9. O-O Bxd2 10.
Qxd2 cxd4 11. Qxd4 O-O 12. Bg5 Nc6 13. Qd6 h6 14. Bf4 Na5 15. b3 Nb7 16. Qd4 d5
17. Rac1 dxc4 18. Qxc4 Rc8 19. Qd4 Qd5 20. Be5 Qxd4 21. Bxd4 Nd5 {and Black
equalised soon - 1/2-1/2 Tregubov,P (2613)-Anand,V (2779)/Calatrava 2007/CBM
117 ext (40)}) 8. a3 Bxd2+ 9. Qxd2 cxd4 10. Qxd4 {White has achieved the
advantage of the bishop pair at the cost of losing several tempi with his
queen.} Nc6 11. Qf4 (11. Qd3 Ne5 12. Qd4 Nxf3+ 13. exf3 Rc8 14. Be3 Ba6 15. Rc1
O-O 16. b4 d5 17. b5 Bb7 18. f4 Ba8 19. O-O Rxc4 20. Rxc4 dxc4 21. Qxc4 Bxg2
22. Kxg2 Qa8+ 23. Kg1 Rc8 $11 {1-0 Vallejo Pons,F (2679)-Carlsen,M (2690)/
Monte Carlo 2007/CBM 117 ext (44)}) 11... O-O {The natural move but, probably,
the tempting 11...Na5 is a more convincing way to equalise.} (11... Na5 $5 12.
Bd2 Rc8 13. Bxa5 bxa5 14. O-O Qc7 15. Rfc1 Qxf4 16. gxf4 Rb8 17. b4 axb4 18.
axb4 Bxf3 19. Bxf3 Rxb4 20. Rxa7 Ke7 $11 {0-1 Pushkov,N (2522)-Balashov,Y 
(2422)/Moscow 2007/CBM 116 ext (72)}) 12. b4 {Now White is preventing the move
Nc6-a5 and developing his dark-squared bishop to the best diagonal a1-h8.} (12.
O-O Na5 13. Be3 Rc8 14. Rac1 Ne4 15. Nd2 Nxd2 16. Bxd2 Bxg2 17. Kxg2 Nb3 $11)
12... d5 13. Bb2 dxc4 14. Rd1 {A useful intermezzo before recapturing the Pc4.}
Qe7 15. Qxc4 Rac8 16. Qh4 (16. Qb3 {In this case Black can equalise by a nice
line pointed out by Fritz 11, namely:} a5 17. b5 Nb8 (17... a4 $6 18. Qxa4 Na5
{[%cal Gc8c4]} 19. Qb4 $14) 18. Qe3 Nbd7 19. Bxf6 Nxf6 $1 20. Qxb6 Nd5 21. Qxa5
Rc3 $1 22. Rxd5 Rxa3 23. Rd7 $1 Qc5 24. Rc7 $1 Qd6 25. Rd7 Qc5 $11) 16... Ba6
$1 {[%csl Re2] An important resource. White just misses one tempo to complete
his development by castling smoothly and enjoying small but, long-term
advantage.} 17. Ng5 (17. Rd2 Rfd8 18. Rc2 Nb8 (18... Nxb4 $2 19. Rxc8 Rxc8 20.
Qxb4 Qxb4+ 21. axb4 Rc2 22. Bd4 Rxe2+ 23. Kd1 Ne4 24. Bf1 Nxf2+ 25. Bxf2 Rxf2
26. Bxa6 Rxf3 27. Kc2 $16) (18... Nd5 {is playable as well.}) 19. Rxc8 Rxc8 20.
Bxf6 Qxf6 21. Qxf6 gxf6 22. Kd2 $11) 17... h6 18. Ne4 Nd5 19. Bf3 {White must
defend the Pe2 somehow.} Rfd8 ({Obviously, opening the g-file would play into
White's hands:} 19... Qxh4 $6 20. gxh4 {[%cal Gh1g1,Gg1g7,Gb2g7] Black won't
be able to exploit White's damaged pawn structure.}) 20. Qxe7 Ncxe7 (20...
Ndxe7 $2 21. Nd6 Rc7 22. b5 {and Black loses material.}) 21. Rd2 f5 22. Nc3
Nxc3 23. Bxc3 (23. Rxd8+ Rxd8 24. Bxc3 $11 {would have been more precise.})
23... Bc4 (23... Bd3 $1 {Neither player saw this tactical blow.} 24. Bb2 Be4
25. Bxe4 fxe4 26. Rxd8+ Rxd8 {Here already White has to be careful not to get
worse.}) 24. Rxd8+ Rxd8 25. O-O Bd5 $11 {After the exchange of light-squared
bishops the position is becoming completely equal.} 26. Kg2 Rc8 27. Rc1 Kf7 28.
Bb2 Rxc1 29. Bxc1 e5 30. Bxd5+ Nxd5 31. f3 Ke6 (31... e4 {changes nothing
about the evaluation.}) 32. e4 fxe4 33. fxe4 Nc3 34. Kf3 b5 {Securing the c4
stronghold.} 35. g4 Na4 36. h4 a6 37. h5 Kf6 38. Bd2 Nb6 39. g5+ hxg5 40. Kg4
Nc4 41. Bxg5+ Ke6 42. Bc1 Nd6 43. Kf3 Ne8 44. Bg5 Nd6 1/2-1/2

[Event "Olympiad-42"]
[Site "Baku"]
[Date "2016.09.11"]
[Round "9.2"]
[White "Postny, Evgeny"]
[Black "Cori, Jorge Moise"]
[Result "0-1"]
[WhiteElo "2619"]
[BlackElo "2609"]
[Annotator "Postny,E"]
[PlyCount "75"]
[EventDate "2016.09.02"]
[EventType "team-swiss"]
[EventRounds "11"]
[EventCountry "AZE"]
[SourceTitle "CBM 175"]
[Source "ChessBase"]
[SourceDate "2016.11.10"]
[SourceVersion "1"]
[SourceVersionDate "2016.11.10"]
[SourceQuality "1"]
[WhiteTeam "Israel"]
[BlackTeam "Peru"]
[WhiteTeamCountry "ISR"]
[BlackTeamCountry "PER"]

1. d4 Nf6 2. c4 e6 3. Nf3 b6 4. g3 Bb7 5. Bg2 Bb4+ (5... Be7 {is the main
continuation.}) 6. Bd2 Bxd2+ 7. Qxd2 O-O 8. Nc3 d6 ({Normally it is
recommended for Black to swap knights. There is an interesting line here:} 8...
Ne4 9. Qc2 Nxc3 10. Ng5 $1 Ne4 11. Bxe4 Bxe4 12. Qxe4 Qxg5 13. Qxa8 Nc6 14. Qb7
Nxd4 {This position saw the light back in 1931 in two games between future and
former world champions at the time Euwe and Capablanca.} 15. Rd1 c5 16. e3 Nc2+
17. Kd2 Qf5 18. Qg2 Nb4 19. e4 Qf6 20. Kc1 Nxa2+ 21. Kb1 Nb4 22. Rxd7 $14 {
1/2-1/2 (29) Euwe,M-Capablanca,J Amsterdam 1931}) (8... d5 {is an option, but
not everyone likes to block his own bishop.}) 9. O-O Nbd7 (9... Ne4 10. Nxe4 (
10. Qc2 Nxc3 11. Qxc3 (11. Ng5 $4 {After White has castled, this doesn't work,
of course, in view of} Nxe2+ 12. Qxe2 Bxg2 13. Qh5 h6 $19) 11... Nd7 {This
position is close to equal, as it's not easy for White to push e2-e4.}) 10...
Bxe4 11. Qf4 Bb7 12. e4 {Here White seized some space.} Nd7 13. Rfe1 Qe7 14.
Rad1 e5 15. Qd2 $14 {1-0 (56) Huzman,A (2574)-Postny,E (2526) Ashdod 2003}) 10.
Qc2 $14 (10. d5 {is also possible, securing a small, but stable advantage.})
10... a6 {The purpose of this move is not very clear to me, but in future
b6-b5 could become an idea.} (10... Qe7 11. e4 e5 12. Rfe1 Rfe8 13. Rad1 a6 14.
b3 g6 15. Qc1 Kg7 16. h4 exd4 17. Nxd4 Rab8 18. Nd5 Nxd5 19. cxd5 $16 {1-0 (40)
Kasparov,G (2825)-Akopian,V (2660) ICC INT 1998}) 11. Rfe1 Qb8 $6 $146 {
I was surprised by this manoeuvre.} (11... Rb8 12. e4 e5 13. Rad1 Qe8 $6 14.
Nd5 $16 {1/2-1/2 (40) Jankovic,A (2559)-Savic,M (2529) Sarajevo 2013}) (11...
c5 12. e4 cxd4 13. Nxd4 Qc7 {leads to a weird version of "hedgehog" without
the dark-squared bishops. Black is slightly worse, but nothing disastrous.})
12. e4 {White has seized the centre and has every reason to be happy with the
outcome of the opening.} e5 (12... b5 $6 13. e5 dxe5 14. dxe5 Ng4 15. c5 $1
Nxc5 ({After} 15... Bxf3 16. Bxf3 Ndxe5 {White will not grab the exchange, but
simply retreat:} 17. Bg2 c6 18. Qe2 {and Black's knights are vulnerable.}) 16.
h3 Nh6 17. b4 Nd7 18. Rad1 Nb6 19. Ng5 g6 20. Nce4 $16) 13. Nd5 Re8 14. Rad1
Bc6 {Looks unnatural, but it's not easy to suggest a good move for Black.} (
14... c6 15. Nxf6+ Nxf6 16. c5 bxc5 17. dxe5 dxe5 18. Qxc5 {is also not too
satisfactory due to numerous weaknesses.}) 15. Qc3 Qb7 16. Nh4 $6 (16. dxe5 $1
dxe5 17. Nh4 (17. Nxf6+ $2 {spoils nearly all the advantage.} Nxf6 18. Nxe5
Bxe4) 17... g6 18. Nf3 $1 {[%cal Gf3e5] This simple back and forth manoeuvre
was quite effective. Now there is also a hole near Black's king and the
position is close to collapse.}) 16... b5 (16... exd4 17. Qxd4 b5 18. Nf5 Bxd5
19. cxd5 $16) 17. dxe5 {I spent a lot of time here, trying to find some
effective way to break through, but couldn't. In all the lines White is better,
but Black is still in the game.} ({For instance:} 17. Nf5 bxc4 18. dxe5 Rxe5
19. Nde7+ Kf8 20. Nxc6 Qxc6 21. f4 Qb6+ 22. Kh1 Rb5 23. e5 Rb8 $16) 17... Rxe5
18. Nf3 $6 {This was first of many moments during the game, where I could play
f2-f4, but didn't for some reason...} (18. f4 Ree8 19. Nf5 b4 20. Qd2 (20. Qd4
Bxd5 21. cxd5 $16) 20... Bxd5 21. cxd5 $16) 18... Ree8 (18... Rxe4 19. Ne7+
Rxe7 20. Rxe7 b4 21. Qe3 $16) 19. Nd4 b4 $1 {Closing the position helps Black
to stabilize a little bit.} 20. Qc2 (20. Qd2 Bxd5 21. cxd5 Qb6 22. f4 $16)
20... Bxd5 21. cxd5 Qb6 22. Qc6 (22. f4 $16 {Now if} Nxd5 $6 {then} 23. e5 $1 {
and White wins material.}) 22... Qa7 23. Qc4 $6 (23. f4 $16) 23... a5 24. Nc6
$6 {A series of not blunders, but low quality moves continues.} ({Again} 24. f4
{was called for.}) 24... Qc5 $6 ({Black could seriously ease the pressure by} 
24... Ne5 {getting rid of White's dominating knight.}) 25. Qd4 (25. Qxc5 Nxc5
26. e5 dxe5 27. Nxe5 $14) 25... Qxd4 26. Rxd4 Nc5 27. f3 $2 (27. f4 {was again
the right plan to break through the centre. For instance:} Nfd7 28. e5 Nb8 29.
Rd2 Nxc6 30. dxc6 dxe5 31. Rd5 $1 Na4 32. Rd7 $16) 27... Nfd7 28. Rc1 f5 $5 {
Going for the double-edged break.} ({A positional way was} 28... Nb8 29. Nxb8
Raxb8 {and Black is already not worse.}) 29. exf5 Re2 30. Rb1 Rc2 $6 (30... Na4
31. Re4 Rd2 32. Re7 Nf6 33. Rxc7 Nxb2 34. Bf1 Nd1 $1 {could lead to a real
mess, which would be very difficult to handle for both players in the
conditions of a time-scramble.}) 31. Bf1 Re8 32. f4 $2 {I should have played
it about ten moves ago...} (32. Rdd1 $1 {threatening to trap the rook by 33.
Nd4.} b3 33. axb3 Nxb3 34. Bd3 Rc5 35. Re1 $14) 32... Nf6 {Now the knight
sneaks in and I have to be really careful not to come under a ferocious attack.
} 33. Nxa5 Ng4 34. Bg2 h5 $1 (34... Ree2 35. Bf3 Rxh2 36. Bxg4 Rcg2+ 37. Kf1
Rf2+ 38. Ke1 Rfg2 39. Kf1 $11) 35. Rxb4 $6 (35. Rc4 Rf2 (35... Rce2 36. Rd4 Rc2
37. Rc4 $11) 36. h3 Ree2 37. Bf1 Ne3 $1 38. Bxe2 Rxe2 39. Rd4 Rg2+ 40. Kh1 Rxg3
41. Kh2 Rg2+ 42. Kh1 Rg3 $11) 35... Ree2 36. Bf1 Rxh2 $6 (36... Rf2 $1 37. Rc4
Rcd2 38. Rc3 $1 Ne4 39. Rb3 Nxh2 40. Nc4 Nxf1 41. Nxd2 Nfxd2 42. Re1 Nxb3 43.
axb3 Rf3 44. Rxe4 Rxg3+ 45. Kh2 Rxb3 46. Re7 {and White holds.}) 37. Rb8+ Kf7
38. Nc6 $2 {Bad move, but the main drawback was that I didn't make it in time!
A sad end for this game.} (38. Re1 $1 {was the right move, showing that
Black's king is also in danger. In mutual time-trouble anything could happen,
but in the event of best play here the game would end in a draw after} Nh6 $1
39. f6 $1 Nf5 40. fxg7 Kxg7 41. Nc6 h4 42. g4 Ng3 43. Re7+ Kh6 44. Rh8+ Kg6 45.
Rg8+ $11) ({If the bad move had been made in time, the game could have
continued as follows:} 38. Nc6 $2 Ne3 39. Re1 Nxf5 40. Ree8 Rhd2 {The king
escapes on g6 and Black is better.}) 0-1

[Event "Maalot Tarshiha"]
[Site "Maalot Tarshiha"]
[Date "2008.01.14"]
[Round "8"]
[White "Postny, Evgeny"]
[Black "Gyimesi, Zoltan"]
[Result "1-0"]
[WhiteElo "2627"]
[BlackElo "2605"]
[Annotator "Postny,E"]
[PlyCount "103"]
[EventDate "2008.01.07"]
[EventType "tourn"]
[EventRounds "9"]
[EventCountry "ISR"]
[EventCategory "15"]
[SourceTitle "CBM 122"]
[Source "ChessBase"]
[SourceDate "2008.01.30"]
[SourceVersion "1"]
[SourceVersionDate "2008.01.30"]
[SourceQuality "1"]

1. d4 Nf6 2. c4 e6 3. g3 Bb4+ 4. Bd2 Be7 {Black loses a tempo, but forces
White's bishop to occupy the unfortunate d2-square. Eventually, White will
lose a tempo as well.} 5. Bg2 d5 6. Nf3 O-O 7. O-O c6 {This is one of the most
solid schemes against the Catalan.} 8. Bf4 (8. Qc2 {is an old theoretical
continuation which is out of fashion nowadays.}) 8... b6 9. Nc3 Bb7 (9... Ba6
10. cxd5 cxd5 11. Rc1 Nc6 (11... Bb7 {is safer, but there are few who want to
lose a tempo voluntarily.}) 12. Nxd5 $1 Qxd5 13. Ne5 Nxd4 14. Bxd5 Nxe2+ 15.
Qxe2 Bxe2 16. Bxa8 Rxa8 17. Rfe1 Bb5 18. Rc2 Nd5 19. Rec1 $14 {In this endgame
White can torture his opponent with chances to succeed, especially when there
is Kramnik on the white side... 1-0 Kramnik,V (2744)-Topalov,V (2788)/Dortmund
2005/CBM 108 (41)}) 10. Rc1 Nbd7 11. Nd2 {[%cal Ge2e4] The idea of this move
is to play the e2-e4 advance which might yield White some more space.} (11.
cxd5 cxd5 12. Nb5 Ne8 13. Qb3 a6 14. Nc7 Rc8 15. Nxe8 Rxe8 16. a4 Rc6 17. Rxc6
Bxc6 18. Rc1 Qa8 19. e3 Rc8 $11 {1/2-1/2 Radjabov,T (2670)-Izoria,Z (2573)/
Antalya 2004/CBM 101 (40)}) 11... Nh5 {A typical move harassing White's bishop.
} (11... c5 12. Nb3 a6 $6 (12... Rc8 {is playable for Black.}) 13. dxc5 Nxc5
14. Nxc5 Bxc5 15. Bg5 h6 16. Bxf6 Qxf6 17. cxd5 $16 {1-0 Romanishin,O (2562)
-Poetsch,K (2194)/Bad Wiessee 2002/EXT 2003 (33)}) 12. cxd5 {A retreat with
the bishop to e3 totally contradicts White's ideas in this position, therefore
he has to go forward.} exd5 {The only recapture.} (12... cxd5 $2 {is refuted by
} 13. Bc7 $1 Qxc7 14. Nxd5 Qd8 15. Nxe7+ Qxe7 16. Bxb7 {wins a pawn.}) (12...
Nxf4 $2 13. dxc6 Nxg2 14. cxb7 Rb8 15. Kxg2 Rxb7 {again with a healthy extra
pawn for White.}) 13. e3 Nxf4 14. gxf4 {The change of pawn structure has
weakened a bit the shelter for White's king, but increased the control over
the centre. I believe that White has a slight advantage here, as his knights
are more mobile than his opponent's bishops.} Nf6 15. Nf3 c5 $6 {[%csl Rd5]
This move basically fits Black's plan. However, at this specific moment is
very risky, since Black is not yet fully developed and prepared for a clash in
the centre. The point is that Zoltan Gyimesi was repeating my last years' game
against Arutinian, which went exactly the same way and ended in a somewhat
disappointing draw around move 20...} (15... Qd6 16. Ne5 Qe6 {would have been
logical followed by developing the rooks. In this case a long-term positional
fight would be on.}) 16. Ne5 {Now White is threatening to take on c5 followed
by Qd1-b3 and Rf1-d1 after which Black is most likely to collapse in the
centre. Therefore, his following move is practically forced.} c4 17. Nxc4 $1 {
This is not the win of a pawn, but an exchange sacrifice, and finally, a
novelty! I remember that during the game versus Arutinian (see below) I
considered this move, but eventually went for the mediocre 17.b3 which spoiled
my initiative.} (17. b3 $6 Ba3 18. Rb1 Bb4 19. Qc2 cxb3 20. Rxb3 Ba5 $1 21. Rc1
$13 {1/2-1/2 Postny,E (2616)-Arutinian,D (2552)/Cappelle la Grande 2007/CBM
117 ext}) 17... Ba6 18. Ne5 Bxf1 19. Qxf1 {The Pd5 is doomed to fall, so White
will get two pawns for the exchange.} Rc8 20. Nxd5 $1 Nxd5 {This way Black
keeps his bishop, but he could also keep his knight on the board.} (20... Rxc1
21. Nxe7+ Qxe7 22. Qxc1 $14) 21. Rxc8 Qxc8 22. Bxd5 Bf6 $2 {It is hard to
believe, but this natural move is a serious mistake. The bishop had to go the
other way.} (22... Bd6 $1 23. Qc4 (23. Nc6 Qf5 24. Bg2 Qc2 $132) 23... Qf5 {
This is the point. Black can defend Pf7 and avoid the exchange of queens.} 24.
Qd3 Qh5 25. Bf3 Qh6 $14 {It is obviously nicer to play this position as White.
However, it will be very hard to make progress by pushing forward central
pawns, since White's king is vulnerable. The presence of queens on the board
will always yield Black reasonable counterchances.}) 23. Qc4 $1 {[%csl Rf7]
The difficulty in this move lies in the understanding that swapping queens is
in White's favour. In the forthcoming endgame White's king will be safe and
will assist the central pawns to march forward.} Qxc4 $6 {It was still
possible to avoid the exchange of queens, though under unfavourable
circumstances.} (23... Bxe5 $2 24. Bxf7+ $1 Kh8 25. Qxc8 Rxc8 26. fxe5 $18 {
[%csl Gd4,Ge5]}) ({Considering what happened in the game later, it is easy to
recommend such a passive move as} 23... Qe8 $1 {However, Black should avoid
the exchange of queens at any price. White would keep a stable advantage in
this case, but would still be far from winning.}) 24. Bxc4 $8 (24. Nxc4 $2 {
would spoil everything in view of} Rd8 25. Bc6 Bxd4 $1 26. exd4 Rxd4 27. b3
Rxf4 $11 {Black's rook + pawn are no worse than White's minor pieces.}) 24...
Bxe5 {Black can't tolerate such a strong knight.} 25. fxe5 Rc8 26. b3 $18 {
[%csl Gd4,Ge3,Ge5,Gf2] The only opened file, the c-file, is safely blocked.
White's central pawn mass is very compact and well protected. Sooner or later
White will create two connected passers which will bring him a win. Black's
only counterplay is connected with attacking the Ph2, but is insufficient
against precise play.} Kf8 (26... Rc6 27. h3 $3 Rg6+ 28. Kh2 Kf8 29. d5 f6 (
29... Ke7 30. f4 {followed by Bc4-d3 kicking out the rook. This is the point
of 27.h3, all the squares along the "g" file are under control.}) 30. e6 Ke7
31. e4 Rg5 32. f4 Rh5 33. Be2 Rh6 34. e5 $18) 27. a4 {Just a useful move
preventing the possibility of b6-b5 punch.} (27. f4 $2 b5 $1 28. Bxb5 Rc2 $132
{[%csl Gc2,Rg1]}) 27... f6 28. f4 Ke7 29. Kg2 fxe5 (29... g5 30. f5 $18 {
followed by e3-e4 and White will even get three connected passers!}) 30. fxe5
Rc6 {This is Black's best chance. The rook is going to attack the Ph2.} (30...
Rf8 31. Bd3 g6 32. Kg3 $18 {followed by e3-e4, d4-d5 etc.}) 31. d5 Rg6+ 32. Kf3
Rh6 33. Kg3 Rg6+ (33... Rh5 34. e6 Kd6 35. e4 Re5 36. Bd3 {White is winning
here as well, because soon Black will run out of moves. For instance:} g6 37.
h3 h6 38. Kf4 Rh5 39. Be2 Re5 40. Bf3 a5 41. Bg4 Rg5 42. h4 Re5 43. Ke3 h5 44.
Bf3 g5 45. hxg5 Rxg5 46. Kf4 Re5 47. Be2 h4 48. Bg4 $18) 34. Kf4 Rh6 35. d6+
Kd7 36. Bb5+ Ke6 37. Bc4+ {Gaining some time on the clock.} (37. Be2 $4 g5+ $1
38. Kxg5 Rxh2 {and White's advantage belongs to history.}) 37... Kd7 38. Be2 {
White needs to transfer the bishop to the diagonal h3-c8. For this purpose it
is necessary to give up the Ph2.} Rxh2 39. Bg4+ Kc6 40. Bf3+ Kd7 41. Bg4+ Kc6 {
[%tqu "En","What should White play to promote his passed pawns?","","","b3b4",
"An important resource. The following b4-b5 check will drive away the black
king.",10]} 42. b4 $1 {An important resource. The following b4-b5 check will
drive away the black king.} Rf2+ 43. Ke4 a6 (43... g6 44. b5+ Kc5 45. Bf3 Rd2
46. Kf4 h6 47. Kg3 $1 {robbing the rook of the f2 square.} Rd3 48. Bc6 Rxe3+
49. Kf4 Rd3 50. d7 $18 {[%cal Ge5e6]}) 44. b5+ axb5 45. axb5+ Kc5 (45... Kxb5
46. d7 Rd2 47. e6 $18) 46. Bf5 $1 {It is necessary to prevent the rook from
going to f8. Meanwhile, Black's king has no moves and the kingside pawns do
not help either.} Ra2 (46... g6 47. d7 $1 gxf5+ 48. Kd3 Rf1 49. Ke2 $18) 47.
Bxh7 {The rest is easy.} Rf2 48. Bf5 Rh2 49. Bg6 Rd2 50. Be8 Ra2 51. Kf5 Ra8
52. Bc6 {[%mdl 4096]} 1-0